| 000 | 00807nam a2200265 i 4500 | ||
|---|---|---|---|
| 001 | 000029237 | ||
| 003 | DO-SdBNP | ||
| 005 | 20260321073645.0 | ||
| 007 | ta | ||
| 008 | 110414s200? dr 000 0 spa d | ||
| 040 |
_aDO-SdBNP _bspa _cBNPHU _erda |
||
| 082 | 4 |
_axxx _bB742J _222 |
|
| 100 | 1 |
_a Bosch, Juan, _d1909-2001 _976555 |
|
| 245 | 1 | 0 |
_aJuan Bosch ideario : _bcien ideas en los cien años de su natalicio / _cJuan Bosch |
| 264 |
_aSanto Domingo : _bFundación Juan Bosch : _bINAFOCAM, _c19-?. |
||
| 300 |
_a26 paginas. ; _c22 cm. |
||
| 336 |
_2rdacontent _atexto _btxt |
||
| 337 |
_2rdamedia _asin mediación _bn |
||
| 338 |
_2rdacarrier _avolumen _bnc |
||
| 490 | _aFundación Juan Bosch | ||
| 590 | _aInventariado, 2023 / DG | ||
| 710 |
_aINAFOCAM _987335 |
||
| 910 | _aDG | ||
| 942 |
_2ddc _cLF2 |
||
| 999 |
_c53347 _d53347 |
||